| 000 | 01463nam a2200421 c 4500 | ||
|---|---|---|---|
| 001 | 44173 | ||
| 003 | ES-MaCES | ||
| 005 | 20130918140757.0 | ||
| 008 | 130405n2013 sp t 000 | spa d | ||
| 017 |
_aGR 369-2013 _bDL |
||
| 020 | _a9788490450383 | ||
| 035 | _aCES20130001865m | ||
| 040 |
_aES-MaCES _bspa _cES-MaCES |
||
| 100 | 1 |
_aGonzález del Río, José María _913788 |
|
| 245 | 1 | 3 |
_aEl ejercicio de la prostitución y el Derecho del trabajo _cJosé María González del Río |
| 260 |
_aGranada _bComares _c2013 |
||
| 300 |
_aXVIII, 116 p. _c22 cm |
||
| 490 | 1 |
_aColección Trabajo y Seguridad Social _v71 |
|
| 490 | 1 | _aBiblioteca Comares de ciencia jurídica | |
| 504 | _aBibliografía: p. 115-116 | ||
| 541 | _cCompra | ||
| 650 | 4 |
_aprostitución _927051 |
|
| 650 | 4 |
_aderecho del trabajo _927165 |
|
| 650 | 4 |
_anorma internacional del trabajo _930609 |
|
| 650 | 4 |
_aderecho comparado _929868 |
|
| 650 | 4 |
_atrabajo a cuenta propia _930170 |
|
| 650 | 4 |
_atrabajador independiente _928412 |
|
| 650 | 4 |
_aprotección social _929076 |
|
| 650 | 4 |
_aderechos de los trabajadores _929924 |
|
| 650 | 4 |
_aEspaña _926964 |
|
| 650 | 4 |
_arégimen jurídico _929894 |
|
| 653 | 1 | 0 | _aDerecho del trabajo y Seguridad Social |
| 830 | 0 |
_aColección Trabajo y Seguridad Social _v71 _933762 |
|
| 830 | 0 |
_aBiblioteca Comares de ciencia jurídica _932174 |
|
| 902 | _aLIB Libro | ||
| 942 |
_2CES _cBK _h6.0.1. |
||
| 999 |
_c44173 _d44173 |
||